MARC details
| 000 -LEADER |
| campo de control de longitud fija |
01296nam a2200301 i 4500 |
| 001 - NÚMERO DE CONTROL |
| campo de control |
33842 |
| 003 - IDENTIFICADOR DE NÚMERO DE CONTROL |
| campo de control |
ES-MaACL |
| 005 - FECHA Y HORA DE LA ÚLTIMA TRANSACCIÓN |
| campo de control |
20230906154830.0 |
| 007 - CAMPO FIJO DE DESCRIPCIÓN FÍSICA--INFORMACIÓN GENERAL |
| campo de control de longitud fija |
t| |
| 008 - DATOS DE LONGITUD FIJA--INFORMACIÓN GENERAL |
| campo de control de longitud fija |
030203s1875 po ||||1| por d |
| 100 1# - ENTRADA PRINCIPAL--NOMBRE DE PERSONA |
| Nombre de persona |
Bocage, Manuel Maria Barbosa du. |
| 9 (RLIN) |
29653 |
| 245 10 - MENCIÓN DEL TÍTULO |
| Título |
Obras poéticas de Bocage / |
| Mención de responsabilidad, etc. |
Manuel Maria Barbosa du Bocage. |
| 260 ## - PUBLICACIÓN, DISTRIBUCIÓN, ETC. |
| Lugar de publicación, distribución, etc. |
Porto : |
| Nombre del editor, distribuidor, etc. |
[s.n., |
| Fecha de publicación, distribución, etc. |
1875] ( |
| Fabricante |
Portuguesa) |
| 300 ## - DESCRIPCIÓN FÍSICA |
| Extensión |
7 v. ; |
| Dimensiones |
16 cm. |
| 505 8# - NOTA DE CONTENIDO CON FORMATO |
| Nota de contenido con formato |
Contiene: T. I: Sonetos. -- T. II: Cançoes, Elegias. Idylios. Cantatas, epistolas e satyras. -- T. III: Redondilhas (anacreonticas), cançonetas, Glosas, fabulas, epigrammas. -- T. IV: Elogios dramáticos. Dramas allegóricos, fragmentos. -- T. V: Versoes lyricas. Episodios traducidos, Fastos. -- T. VI: Poemas didácticos traduzidos. -- T. VIII: Dramas traduzidos |
| 740 0# - ENTRADA AGREGADA--TÍTULO RELACIONADO/ANALÍTICO NO CONTROLADO |
| Título relacionado o analítico no controlado |
Sonetos. |
| 740 0# - ENTRADA AGREGADA--TÍTULO RELACIONADO/ANALÍTICO NO CONTROLADO |
| Título relacionado o analítico no controlado |
Cançoes, elegias. |
| 740 0# - ENTRADA AGREGADA--TÍTULO RELACIONADO/ANALÍTICO NO CONTROLADO |
| Título relacionado o analítico no controlado |
Idylios. |
| 740 0# - ENTRADA AGREGADA--TÍTULO RELACIONADO/ANALÍTICO NO CONTROLADO |
| Título relacionado o analítico no controlado |
Cantatas, epistolas e satyras. |
| 740 0# - ENTRADA AGREGADA--TÍTULO RELACIONADO/ANALÍTICO NO CONTROLADO |
| Título relacionado o analítico no controlado |
Redondilhas (anacreonticas), cançonetas, glosas, fabulas, epigrammas. |
| 740 0# - ENTRADA AGREGADA--TÍTULO RELACIONADO/ANALÍTICO NO CONTROLADO |
| Título relacionado o analítico no controlado |
Elogios dramáticos. |
| 740 0# - ENTRADA AGREGADA--TÍTULO RELACIONADO/ANALÍTICO NO CONTROLADO |
| Título relacionado o analítico no controlado |
Dramas allegóricos, fragmentos. |
| 740 0# - ENTRADA AGREGADA--TÍTULO RELACIONADO/ANALÍTICO NO CONTROLADO |
| Título relacionado o analítico no controlado |
Versoes lyricas. |
| 740 0# - ENTRADA AGREGADA--TÍTULO RELACIONADO/ANALÍTICO NO CONTROLADO |
| Título relacionado o analítico no controlado |
Episodios traduzidos Fastos. |
| 740 0# - ENTRADA AGREGADA--TÍTULO RELACIONADO/ANALÍTICO NO CONTROLADO |
| Título relacionado o analítico no controlado |
Poemas didacticos traduzidos. |
| 740 0# - ENTRADA AGREGADA--TÍTULO RELACIONADO/ANALÍTICO NO CONTROLADO |
| Título relacionado o analítico no controlado |
Dramas traduzidos. |
| 852 ## - LOCALIZACIÓN |
| Ubicación |
ES-MaACL |
| Número de control de estantería |
F-896-902 |